| 000 | 00638nam a2200205 a 4500 | ||
|---|---|---|---|
| 005 | 20221115063816.0 | ||
| 008 | 061113s2008 mx r 000 0 spa d | ||
| 020 | _a9789681871918 | ||
| 035 | _aUPN01000179687 | ||
| 049 | _aCG | ||
| 050 | 4 |
_aBF432.3 _bA5.3a |
|
| 100 | 1 |
_aAnder-Egg, Ezequiel, _d1930- _928724 |
|
| 245 | 1 | 0 |
_aClaves para introducirse en el estudio de las inteligencias múltiples / _bEzequiel Ander-Egg. |
| 260 |
_aMéxico : _bHomo Sapiens : _bLimusa, _c2008. |
||
| 300 |
_a142 p. : _bil. |
||
| 440 | 0 | _aPsicología | |
| 650 | 7 |
_aInteligencias múltiples _2 _9171 |
|
| 650 | 4 |
_aAprendizaje activo _91351 |
|
| 905 | _aLibro | ||
| 999 |
_c151790 _d151790 |
||